000 01483nam a2200241Ia 4500
999 _c37680
_d37680
001 3652
003 GE_BSU
005 20190625212051.0
008 181216s2011||||ge |||||||||||||| ||geo||
040 _cGE_BSU
041 _ageo
080 _a342.4 ს–15
245 _aსაერთაშორისო სტუდენტური ოლიმპიადა ეროვნულ და შედარებით კონსტიტუციურ სამართალში = International student's olympiad in national and comparative constitutional law = Международная студенческая олимпиада по национальному и сравнительному конституционному праву :
_bსტატიათა კრებული /
_cრედ. მალხაზ ნაკაშიძე.
264 _aბათუმი :
_bშპს "GAMAprint"-ის სტ.,
_c2011.
300 _a311 გვ.;
_b20 სმ.
504 _aბიბლიოგრ. ტექსტის შენიშვნ.
653 _aკონსტიტუციური სამართალი
700 _aჰასანოვა, არზუ
_92933
700 _aდემირჩიანი, გაიანე
_92934
700 _a იაზიჩი, ჰილალ და სხვ.
_92935
700 _aნაკაშიძე, მალხაზ
_eრედაქტორი
_92936
942 _cBK
_2udc